Normal view
MARC view
Entry Topical Term
001 - CONTROL NUMBER
- control field: 59245
003 - CONTROL NUMBER IDENTIFIER
- control field: dpl
005 - DATE AND TIME OF LATEST TRANSACTION
- control field: 20231130142513.0
008 - FIXED-LENGTH DATA ELEMENTS
- fixed length control field: 231130|| aca||aabn | a|a d
040 ## - CATALOGING SOURCE
- Original cataloging agency: dpl
- Transcribing agency: dpl
150 ## - HEADING--TOPICAL TERM
- Topical term or geographic name as entry element: Success
- General subdivision: Psychological aspects
670 ## - SOURCE DATA FOUND
- Source citation: Work cat.: (dpl)199335: Kapoor, Vimal 59242, Art of successful living /, 2023
